01290nam a22002535i 4500001000700000003000900007005001700016008004100033080001300074100003200087245007100119260005800190300004600248490007900294505033000373650001600703650001400719650003100733700002300764752002400787830006800811852006800879856008900947164601ES-MaACL20250814080103.0950206s1884 sp a |||| | spa d a679.8.021 aSánchez Pérez, Antonio.10aManual del cantero y marmolista / cpor Antonio Sánchez Pérez. aMadrid : bEst. Tip. Editorial de G. Estrada, c1884. a206 p., [1] h. pleg. de lám. ; c18 cm.1 aBiblioteca enciclopédica popular ilustrada. Seccion 1ª. Artes y oficios8 aContiene: Primera parte: Manual de cantería . Segunda parte: Manual del marmolista . Tercera parte: Riqueza de España en mármoles y piedras de construcción ; Noticia de las piedras de construcción españolas, por regiones ; Islas adyacentes, Antillas y Filipinas ; Noticia de mármoles españoles, por provincias 4aCantería. 4aMármol. 4aPiedras de construcción.1 aEstrada, Gregorio. aEspaña - dMadrid10aBiblioteca enciclopédica popular ilustrada. pArtes y oficios aES-MaACLjF-13634 z- Enc. hol., conservando cub. original uhttp://bdh-rd.bne.es/viewer.vm?id=0000086111&page=1 zBiblioteca Digital Hispánica